Les 30 joueurs les + chers de l'OL - Statistiques

Statistiques générales
  • Ce quiz a été pris 252 fois
  • Le résultat moyen est 19 sur 30
Statistiques - réponses
# Saison Provenance Poste Valeur du transfert Pays Joueur % Correct
7 20/21 AC Milan M 23 000 000 € Lucas Paquetá
86%
2 24/25 RWD Molenbeek A 28 500 000 € Ernest Nuamah
84%
5 09/10 FC Porto A 24 000 000 € Lisandro López
82%
9 10/11 FC Girondins de Bordeaux M 22 000 000 € Yoann Gourcuff
82%
14 24/25 FC Metz A 18 500 000 € Georges Mikautadze
81%
1 24/25 Nottingham Forrest FC D 31 900 000 € Moussa Niakhaté
81%
18 16/17 Manchester United A 16 000 000 € Memphis Depay
77%
12 23/24 KAA La Gantoise A 19 500 000 € Malick Fofana
76%
10 18/19 Glasgow Celtic FC A 22 000 000 € Moussa Dembélé
76%
6 24/25 Nottingham Forrest FC M 23 400 000 € Orel Mangala
76%
29 23/24 Nottingham Forrest FC M 11 700 000 € (prêt) Orel Mangala
76%
3 19/20 Angers SCO M 25 000 000 € Jeff Reine-Adélaïde
73%
8 19/20 Lille OSC M 22 000 000 € Thiago Mendes
70%
11 19/20 Club Athletico Paranaense M 20 000 000 € Bruno Guimarães
69%
4 19/20 UC Sampdoria D 24 000 000 € Joachim Andersen
69%
13 99/00 FC Barcelona A 19 000 000 € Sonny Anderson
69%
23 23/24 KAA La Gantoise A 14 000 000 € Gift Orban
64%
22 24/25 West Ham United A 14 400 000 € Saïd Benrahma
64%
26 09/10 AS Saint-Étienne A 13 000 000 € Bafétimbi Gomis
62%
27 19/20 Le Havre AC A 12 000 000 € Tino Kadewere
62%
25 15/16 Málaga CF M 13 100 000 € Sergi Darder
54%
15 09/10 Lille OSC M 18 000 000 € Michel Bastos
53%
20 21/22 Stade Brestois 29 M 15 000 000 € Romain Faivre
53%
30 03/04 SC Bastia M 11 700 000 € Michael Essien
50%
19 05/06 Cruzeiro EC A 15 600 000 € Fred
37%
24 08/09 Lille OSC M 14 000 000 € Jean Makoun
36%
17 09/10 FC Porto D 16 200 000 € Aly Cissokho
26%
28 01/02 FC Nantes M 12 000 000 € Éric Carrière
26%
21 08/09 OGC Nice M 14 900 000 € Ederson
24%
16 07/08 Lille OSC A 16 800 000 € Abdul Kader Keita
23%
Aucun quiz correspondant
Distribution des résultats
% des personnes avec chaque résultat
Percentile par nombre de réponses
Votre historique - résultats
Vous n’avez pas pris ce quiz